إيليا أبو ماضي / (رقم التسجيلة. 15560)

تفاصيل مارك
000 -LEADER
fixed length control field 00680nam a22002417a 4500
005 - DATE AND TIME OF LATEST TRANSACTION
control field 20251108164833.0
008 - FIXED-LENGTH DATA ELEMENTS--GENERAL INFORMATION
fixed length control field 250721s2008 xx 000 0 ara d
020 ## - INTERNATIONAL STANDARD BOOK NUMBER
International Standard Book Number 2721411519
082 14 - DEWEY DECIMAL CLASSIFICATION NUMBER
Classification number ط/928.11/جبر
100 1# - MAIN ENTRY--PERSONAL NAME
Personal name جبر، جميل
Relator term مؤلف
245 10 - TITLE STATEMENT
Title إيليا أبو ماضي /
250 ## - EDITION STATEMENT
Edition statement ط.2
264 1# - PRODUCTION, PUBLICATION, DISTRIBUTION, MANUFACTURE, AND COPYRIGHT NOTICE
Place of production, publication, distribution, manufacture بيروت :
Name of producer, publisher, distributor, manufacturer دار المشرق،
Date of production, publication, distribution, manufacture, or copyright notice 2008.
300 ## - PHYSICAL DESCRIPTION
Extent 120ص.
490 0# - SERIES STATEMENT
Series statement شعراء لبنان
Volume/sequential designation ج5.
650 17 - SUBJECT ADDED ENTRY--TOPICAL TERM
Topical term or geographic name as entry element الشعر العربي
650 17 - SUBJECT ADDED ENTRY--TOPICAL TERM
Topical term or geographic name as entry element الشعراا العرب
650 17 - SUBJECT ADDED ENTRY--TOPICAL TERM
Topical term or geographic name as entry element العصر الحيث
650 17 - SUBJECT ADDED ENTRY--TOPICAL TERM
Topical term or geographic name as entry element لبنان
653 ## - INDEX TERM--UNCONTROLLED
Uncontrolled term ناشاون كبار (15-18) سنه
942 ## - ADDED ENTRY ELEMENTS (KOHA)
Source of classification or shelving scheme Dewey Decimal Classification
Koha item type كتب
المقتنيات
حالة السحب حالة الفقدان مصدر التصنيف حالة التلف غير قابل للإعارة المكتبة الرئيسية المكتبة الحالية موقع الرف تاريخ التزويد الرقم المتسلسل Total Checkouts رقم الإستدعاء الباركود تاريخ آخر ظهور تاريخ الفاتورة نوع المادة (كوها)
    Dewey Decimal Classification     مكتبة الأميرة ايمان العامة مكتبة الأميرة ايمان العامة الأطفال 06/04/2009 1272249   ط/928.11/جبر PLD00081600 28/07/2025 06/04/2009 كتب
    Dewey Decimal Classification     مكتبة الاميرة بديعة مكتبة الاميرة بديعة الأطفال 17/05/2009 1272254   ط/928.11/جبر PLD00091436 28/07/2025 17/05/2009 كتب
    Dewey Decimal Classification     مكتبة الحسن العامة مكتبة الحسن العامة الأطفال 14/05/2009 1272253   ط/928.11/جبر PLD00090670 28/07/2025 14/05/2009 كتب
    Dewey Decimal Classification     مكتبة الراية الهاشمية للأطفال مكتبة الراية الهاشمية للأطفال الأطفال 14/05/2009 1272251   ط/928.11/جبر PLD00090668 28/07/2025 14/05/2009 كتب
    Dewey Decimal Classification     مكتبة صويلح العامة مكتبة صويلح العامة الأطفال 14/05/2009 1272250   ط/928.11/جبر PLD00090667 28/07/2025 14/05/2009 كتب
    Dewey Decimal Classification     مكتبةمؤتة مكتبةمؤتة الأطفال 14/05/2009 1272252   ط/928.11/جبر PLD00090669 28/07/2025 14/05/2009 كتب
Implemented & Customized by: BBB with SCIT (Smart Chains for Information Technology)

Powered by Koha